One Piece: Tous les Amiraux en 20s - Statistiques

Statistiques générales
  • Ce quiz a été pris 87 fois
  • Le résultat moyen est 4 sur 8
Statistiques - réponses
Hint Réponse % Correct
Le Bouddha Sengoku
76%
Aokiji Kuzan
75%
Kizaru Borsalino
65%
Akainu Sakazuki
60%
Actuel chef des arméesdu Gouvernement Mondial Kong
58%
Fujitora Issho
42%
Ryokugyu Aramaki
33%
... au Bras Noir Zephyr
13%
Aucun quiz correspondant
Distribution des résultats
% des personnes avec chaque résultat
Percentile par nombre de réponses
Votre historique - résultats
Vous n’avez pas pris ce quiz